[Event "Montecatini Open A"]
[Site "Montecatini Terme ITA"]
[Date "2011.08.02"]
[Round "3"]
[White "Santagati,A"]
[Black "Laketic,G"]
[Result "0-1"]
[WhiteElo "2219"]
[BlackElo "2439"]

1.e4 d6 2.d4 Nf6 3.Nc3 e5 4.Nf3 Nbd7 5.Bc4 Be7 6.O-O O-O 7.a4 a5 8.Be3 c6
9.Ba2 Ng4 10.Bc1 Qb6 11.h3 Ngf6 12.Be3 exd4 13.Nxd4 Nc5 14.Nb3 Nfd7 15.Rb1 Qb4
16.Nd4 Nf6 17.f3 Nxa4 18.Nxa4 Qxa4 19.Qd3 c5 20.Nb5 Qxa2 21.b3 c4 22.Qxc4 Be6
23.Qd3 Rfc8 24.c4 a4 25.Rf2 Bxc4 26.bxc4 Qxc4 27.Qa3 Bf8 28.Nxd6 Qe6 29.Rd2 Ne8
30.Rbd1 Nxd6  0-1

[Event "ch-ESP w"]
[Site "Padron ESP"]
[Date "2011.08.02"]
[Round "2"]
[White "Hernandez Estevez,Y"]
[Black "Perera Borrego,M"]
[Result "1-0"]
[WhiteElo "2252"]
[BlackElo "2046"]

1.e4 d6 2.d4 Nf6 3.Nc3 e5 4.Nf3 Nbd7 5.Bc4 Be7 6.O-O O-O 7.a4 a5 8.Ba2 exd4
9.Nxd4 Nc5 10.Re1 c6 11.h3 Qb6 12.Kh1 Bd7 13.Qf3 Rae8 14.Nf5 Bxf5 15.Qxf5 Bd8
16.Qf3 Qb4 17.Bf4 Ncxe4 18.Rad1 d5 19.Bb3 Bb6 20.Re2 Bc5 21.g4 Nxc3 22.bxc3 Qb6
23.c4 Rxe2 24.Qxe2 Ne4 25.Rf1 Re8 26.Kg2 Nd6 27.Qd3 dxc4 28.Bxc4 Nxc4 29.Qxc4 Qb4
30.Qxb4 Bxb4 31.Rd1 f6 32.Kf3 Kf7 33.Bc7 Re1 34.Rd3 Ra1 35.Rd7+ Kg6 36.h4 h6
37.h5+ Kh7 38.Bb6 Rxa4 39.Rxb7 Ra3+ 40.Ke4 c5 41.Bd8 Bc3 42.Be7 Bd4 43.f4 a4
44.Kf5 Re3 45.Bf8 Kg8 46.Bxg7 Re8 47.Kg6 Ra8 48.f5 a3 49.Bxh6 Rd8 50.Rh7  1-0

[Event "98th ch-GBR"]
[Site "Sheffield ENG"]
[Date "2011.08.02"]
[Round "8.31"]
[White "French,A"]
[Black "Simons,M"]
[Result "1/2-1/2"]
[WhiteElo "2103"]
[BlackElo "2179"]

1.e4 d6 2.d4 Nf6 3.Nc3 e5 4.Nf3 Nbd7 5.Bc4 Be7 6.g4 Nb6 7.Bb3 Bxg4 8.dxe5 dxe5
9.Qxd8+ Rxd8 10.Nxe5 Be6 11.f3 Nbd7 12.Nd3 Nc5  1/2-1/2

[Event "Pays de Charleroi Open"]
[Site "Charleroi BEL"]
[Date "2011.08.03"]
[Round "6.7"]
[White "Lacroix,B"]
[Black "Barbier,Wim"]
[Result "1-0"]
[WhiteElo "2185"]
[BlackElo "2147"]

1.e4 d6 2.d4 Nf6 3.Nc3 e5 4.Nf3 Nbd7 5.Bc4 Be7 6.O-O O-O 7.Re1 c6 8.a4 a5
9.b3 exd4 10.Nxd4 d5 11.exd5 Bb4 12.Bb2 Nxd5 13.Bxd5 cxd5 14.Nxd5 Bxe1 15.Nf5 f6
16.Qg4 g6 17.Nde7+ Kf7 18.Qc4+ Ke8 19.Ng7+  1-0

[Event "98th ch-GBR"]
[Site "Sheffield ENG"]
[Date "2011.08.03"]
[Round "9.21"]
[White "Gregory,S"]
[Black "Chapman,T"]
[Result "0-1"]
[WhiteElo "2109"]
[BlackElo "2242"]

1.e4 d6 2.d4 Nf6 3.Nc3 c6 4.f4 Qa5 5.Qd2 e5 6.dxe5 dxe5 7.fxe5 Ng4 8.Nf3 Nxe5
9.Ne2 Bb4 10.c3 Be7 11.Ned4 O-O 12.Qf4 Bd6 13.Qh4 Ng6 14.Qf2 Re8 15.Bd3 Nd7
16.O-O Nde5 17.Nxe5 Nxe5 18.Be2 Qc7 19.Bf4 f6 20.Rad1 Nf7 21.Bxd6 Qxd6 22.Nf5 Qe5
23.Bc4 Be6 24.Bxe6 Qxe6 25.h4 Red8 26.Rxd8+ Rxd8 27.Qxa7 Qxe4 28.Qf2 Ne5
29.Re1 Qg4 30.Kh2 h6 31.Re3 Qh5 32.Kh3 Rd1 33.Rxe5 Rh1+ 34.Kg3 fxe5 35.Ne7+ Kh7
36.Qc2+ g6 37.Qe4 Rf1 38.Qc4 Rf8 39.Nc8 Rf4  0-1

[Event "Tabor Open"]
[Site "Tabor CZE"]
[Date "2011.08.03"]
[Round "5.1"]
[White "Michalek,J"]
[Black "Voloshin,L"]
[Result "1/2-1/2"]
[WhiteElo "2322"]
[BlackElo "2411"]

1.e4 d6 2.d4 Nf6 3.Nc3 e5 4.dxe5 dxe5 5.Qxd8+ Kxd8 6.Bc4 Be6 7.Bxe6 fxe6
8.Be3 Bd6 9.f3 Ke7 10.O-O-O a6 11.Nh3 Nbd7 12.Rd2 Bc5 13.Bxc5+ Nxc5 14.Rhd1 Rad8
15.Rxd8 Rxd8 16.Rxd8 Kxd8 17.b4  1/2-1/2

[Event "Pays de Charleroi Open"]
[Site "Charleroi BEL"]
[Date "2011.08.04"]
[Round "7.8"]
[White "Verspecht,T"]
[Black "Ponnet,H"]
[Result "1/2-1/2"]
[WhiteElo "2077"]
[BlackElo "2159"]

1.d4 d6 2.e4 Nf6 3.Nc3 c6 4.f4 Qa5 5.Bd3 e5 6.Nf3 Bg4 7.Be3 exf4 8.Bxf4 Qb6
9.Ne2 d5 10.exd5 Nxd5 11.O-O Be7 12.Qd2 Nd7 13.Kh1 O-O 14.c4 Nxf4 15.Qxf4 Nf6
16.h3 Bh5 17.Ng3 Bg6 18.Nf5 Bxf5 19.Qxf5 g6 20.Qe5 Rae8 21.g4 Bd8 22.Qf4 Qc7
23.Ne5 Nd7 24.Nxd7 Qxd7 25.Rae1 Bc7 26.Qf6 Rxe1 27.Rxe1 Re8 28.Re4 Bd8 29.Qf3 Rxe4
30.Qxe4 Bf6 31.d5 Bxb2 32.dxc6 bxc6 33.Be2 Qd2 34.Bf3 Kg7 35.Qe2 Qxe2 36.Bxe2 f5
37.gxf5 gxf5 38.c5  1/2-1/2

[Event "112th US Open"]
[Site "Orlando USA"]
[Date "2011.08.04"]
[Round "4"]
[White "Shabalov,A"]
[Black "Melekhina,A"]
[Result "1-0"]
[WhiteElo "2577"]
[BlackElo "2263"]

1.e4 d6 2.d4 Nf6 3.Nc3 e5 4.Nge2 Be7 5.g3 O-O 6.Bg2 Nbd7 7.O-O c6 8.a4 b6
9.h3 Ba6 10.Re1 Qc8 11.Be3 b5 12.axb5 cxb5 13.Qd3 Rb8 14.g4 exd4 15.Nxd4 Nc5
16.Qd1 b4 17.Nd5 Nxd5 18.exd5 Bf6 19.Nc6 Rb6 20.Bd4 Rxc6 21.dxc6 Nd3 22.Bxf6 Nxe1
23.Qxe1 gxf6 24.Qxb4 Re8 25.Qxd6 Re6 26.Qd7 Qb8 27.Rxa6 Re1+ 28.Bf1 Qe5 29.c7 Qe2
30.Qd8+ Kg7 31.Qxf6+  1-0

[Event "112th US Open"]
[Site "Orlando USA"]
[Date "2011.08.04"]
[Round "4"]
[White "Barnett,A"]
[Black "Lenderman,A"]
[Result "1/2-1/2"]
[WhiteElo "2254"]
[BlackElo "2525"]

1.e4 d6 2.d4 Nf6 3.Nc3 e5 4.Nf3 Nbd7 5.Bc4 Be7 6.O-O O-O 7.Re1 a6 8.a4 b6
9.Ba2 Bb7 10.d5 c6 11.Be3 b5 12.dxc6 Bxc6 13.Bd5 Qc8 14.axb5 axb5 15.Rxa8 Qxa8
16.Qd3 Bxd5 17.Nxd5 Nxd5 18.exd5 Nf6 19.Qxb5 Nxd5 20.c4 Nf6 21.b4 Rc8 22.h3 h6
23.Rd1 Bf8 24.Rc1 Rc6 25.c5 dxc5 26.bxc5 Nd7 27.Nd2 f5 28.Nb3 f4 29.Bd2 Kh8
30.f3 Be7 31.Be1 Qc8 32.Bf2 e4 33.fxe4 f3 34.Nd4 Rxc5 35.Rxc5 Bxc5 36.Nxf3 Bxf2+
37.Kxf2 Nf6 38.e5 Ne4+ 39.Ke3 Ng3 40.Qd3 Qc1+ 41.Kd4 Qb2+ 42.Kd5 Qxg2 43.h4 Qa2+
44.Kd6 Qa8 45.Kc7 Qa7+ 46.Kc8  1/2-1/2

[Event "ch-ESP w"]
[Site "Padron ESP"]
[Date "2011.08.04"]
[Round "5"]
[White "Vega Gutierrez,S"]
[Black "Perera Borrego,M"]
[Result "1-0"]
[WhiteElo "2285"]
[BlackElo "2046"]

1.e4 d6 2.d4 Nf6 3.Nc3 e5 4.Nf3 Nbd7 5.g4 Nxg4 6.Rg1 Ngf6 7.Bc4 h6 8.Be3 c6
9.dxe5 dxe5 10.Qd3 b5 11.Bb3 Qa5 12.O-O-O Ba6 13.Nb1 c5 14.c4 bxc4 15.Bxc4 Bxc4
16.Qxc4 Qb4 17.Nbd2 g5 18.Qc2 Be7 19.Nc4 Qb7 20.Nfxe5 Nxe5 21.Nxe5 Qxe4 22.Qxe4 Nxe4
23.Nc6 Rc8 24.Nxe7 Kxe7 25.Rge1 Kf8 26.Rd7 a6 27.f3 Nf6 28.Rd6 Kg7 29.Bd2 Rhe8
30.Rxa6 Rxe1+ 31.Bxe1 Nd5 32.Rd6 Nf4 33.a4 c4 34.Bc3+ Kh7 35.a5 Ra8 36.Kd2 Nd3
37.b4 Rb8 38.Rxd3 cxd3 39.a6 Ra8 40.b5 Kg6 41.Bd4 Kf5 42.a7  1-0

[Event "20th Kavala Open"]
[Site "Kavala GRE"]
[Date "2011.08.05"]
[Round "8"]
[White "Gopal,G"]
[Black "Sandipan,C"]
[Result "1-0"]
[WhiteElo "2576"]
[BlackElo "2656"]

1.e4 d6 2.d4 Nf6 3.Nc3 e5 4.Nf3 Nbd7 5.Bc4 Be7 6.O-O O-O 7.a4 a6 8.Ba2 b6
9.Qe2 c6 10.Rd1 Qc7 11.Bg5 Bb7 12.Nh4 exd4 13.Rxd4 Rfe8 14.Nf5 Bf8 15.Bf4 Ne5
16.Rad1 d5 17.exd5 c5 18.R4d2 Qd7 19.Nh6+ gxh6 20.Bxe5 Bg7 21.h3 b5 22.f4 b4
23.Nb1 Qxa4 24.Bb3 Qd7 25.Rd3 a5 26.Bc4 a4 27.Rg3 Qf5 28.Bd3 Rxe5 29.fxe5 Qf4
30.Rxg7+ Kxg7 31.exf6+ Qxf6 32.Qe4 Qxb2 33.c3 Rg8 34.Qe5+ Kf8 35.Qd6+ Kg7
36.Rf1 Kh8 37.Be4 Bxd5 38.Qe5+ Rg7 39.Bxd5  1-0

[Event "20th Kavala Open"]
[Site "Kavala GRE"]
[Date "2011.08.05"]
[Round "8"]
[White "Socko,M"]
[Black "Zarkua,D"]
[Result "1-0"]
[WhiteElo "2490"]
[BlackElo "2433"]

1.e4 d6 2.d4 Nf6 3.Nc3 e5 4.Nf3 Nbd7 5.g3 Be7 6.Bg2 O-O 7.O-O Re8 8.Re1 c6
9.a4 Bf8 10.h3 b6 11.d5 cxd5 12.Nxd5 Nxd5 13.Qxd5 Rb8 14.b4 Nf6 15.Qb3 Be6
16.Qb2 h6 17.Bd2 Qd7 18.Kh2 Rec8 19.c3 Rc4 20.Qb1 Qb7 21.Nh4 Rd8 22.Qd3 Rcc8
23.Qe2 Bc4 24.Qe3 g6 25.f4 exf4 26.gxf4 Bg7 27.e5 Nd5 28.e6 Nxe3 29.Bxb7 Rc7
30.Be4 d5 31.exf7+ Rxf7 32.Bxg6 Rxf4 33.Rxe3 Rf2+ 34.Kg3 Rxd2 35.Nf5 Bf6
36.Rae1 Rf8 37.Re8 Bg7 38.R1e7 Rd3+ 39.Kf4 Rxe8 40.Rxg7+ Kf8 41.Rf7+  1-0

[Event "Olomouc FIDE Open"]
[Site "Olomouc CZE"]
[Date "2011.08.05"]
[Round "2.10"]
[White "Krupa,K"]
[Black "Rjabzev,K"]
[Result "0-1"]
[WhiteElo "2035"]
[BlackElo "2271"]

1.e4 d6 2.d4 Nf6 3.Nc3 e5 4.Nf3 Nbd7 5.Bc4 Be7 6.O-O O-O 7.Re1 a6 8.a4 b6
9.Nd5 Bb7 10.dxe5 Nxe5 11.Bb3 Nxf3+ 12.Qxf3 Nxd5 13.exd5 a5 14.c3 Bf6 15.Bf4 Re8
16.Re4 Rxe4 17.Qxe4 Qe8 18.Re1 Qxe4 19.Rxe4 Kf8 20.f3 Re8 21.Rxe8+ Kxe8 22.Bc4 Ke7
23.Kf2 Be5 24.Ke3 Kf6 25.Ke4 Bxf4 26.Kxf4 Bc8 27.g4 g5+ 28.Ke4 Kg6 29.Bd3 f5+
30.Ke3 Kf6 31.h3 Ke5 32.c4 h6 33.Bc2 Bd7 34.b3 Bc8 35.Bd1 Bb7 36.Bc2 f4+
37.Kd3 c6 38.dxc6 Bxc6 39.Bd1 d5 40.Kc3 d4+ 41.Kd3 Be8 42.Kd2 Kd6 43.Bc2 Kc5
44.Be4 Kb4 45.Kc2 Ka3 46.Bd3 Bc6 47.Be2 Kb4 48.Bd1 Be8 49.Kd3 Kc5 50.Ke4 Bg6+
51.Ke5 Bd3 52.Kf6 Kb4 53.Kg7 Kc3  0-1

[Event "8th Ostroda GM"]
[Site "Ostroda POL"]
[Date "2011.08.05"]
[Round "2.4"]
[White "Sieciechowicz,M"]
[Black "Semcesen,D"]
[Result "0-1"]
[WhiteElo "2454"]
[BlackElo "2480"]

1.d4 d6 2.e4 Nf6 3.Nc3 Nbd7 4.Nf3 e5 5.Bc4 Be7 6.O-O O-O 7.a4 c6 8.Re1 b6
9.b3 a6 10.Ba3 Bb7 11.d5 c5 12.Bf1 Ne8 13.Nd2 g6 14.Nc4 f5 15.b4 cxb4 16.Bxb4 Qc7
17.Rb1 Rf7 18.Rb3 Rb8 19.Qd3 Bc8 20.Reb1 Bd8 21.Nd2 Nc5 22.Bxc5 Qxc5 23.Qc4 Rc7
24.Qxc5 Rxc5 25.R1b2 Nf6 26.f3 Kf7 27.Bd3 Ke7 28.Na2 b5 29.axb5 axb5 30.Bxb5 Bb6
31.Kf1 Ba7 32.Nb4 Rbxb5 33.Nc6+ Rxc6 34.dxc6 Ra5 35.Ke2 Kd8 36.c4 Bd4 37.Rc2 Ra6
38.Rd3 fxe4 39.fxe4 Bg4+ 40.Nf3 Nxe4 41.h3 Bxf3+ 42.Rxf3 Rxc6 43.Rf7 Rc7
44.Rxc7 Kxc7 45.Kf3 Nf6 46.g4 g5 47.h4 h6 48.hxg5 hxg5 49.Ra2 Kc6 50.Ra5 e4+
51.Kg3 Be5+ 52.Kh3 e3  0-1

[Event "ch-ESP w"]
[Site "Padron ESP"]
[Date "2011.08.05"]
[Round "6"]
[White "Pablos Tenrero,R"]
[Black "Perera Borrego,M"]
[Result "0-1"]
[WhiteElo "1971"]
[BlackElo "2046"]

1.e4 d6 2.d4 Nf6 3.Nc3 e5 4.dxe5 dxe5 5.Qxd8+ Kxd8 6.Bg5 Be7 7.Nf3 Nbd7 8.Bc4 Rf8
9.O-O-O Ne8 10.a4 f6 11.Be3 c6 12.Rd3 Kc7 13.h3 Nc5 14.Rd2 b6 15.Rhd1 a6
16.Kb1 Rb8 17.Ne1 b5 18.axb5 axb5 19.Bxb5 Rxb5 20.Nxb5+ cxb5 21.Rd5 Kc6 22.Nd3 Nxd3
23.R1xd3 Nc7 24.Rc3+ Kb7 25.Rd1 Rd8 26.Rxd8 Bxd8 27.Bc5 Ne6 28.Bb4 Bb6 29.f3 Bd4
30.Rd3 Nf4 31.Rd2 Ne6 32.c3 Bc5 33.Bxc5 Nxc5 34.Rd5 Kc6 35.b4 Ne6 36.g3 Nc7
37.Rd2 f5 38.Kc2 fxe4 39.fxe4 h6 40.h4 Be6 41.Kd1 Ne8 42.Ke2 Nd6 43.Kf3 h5
44.Rd3 Bb3 45.Rd2 Be6 46.Rd3 Kd7 47.Rd2 Ke7 48.Rf2 Bd7 49.Ke3 Bc6 50.Ra2 Bxe4
51.Ra7+ Bb7 52.Kd3 Ke6 53.Ra1 Kf5  0-1

[Event "Split Open"]
[Site "Split CRO"]
[Date "2011.08.05"]
[Round "1.20"]
[White "Dumas,V"]
[Black "Curic,D"]
[Result "1/2-1/2"]
[WhiteElo "1929"]
[BlackElo "2276"]

1.e4 d6 2.Nc3 Nf6 3.d4 c6 4.Bg5 Qb6 5.Qd2 e5 6.Nf3 Nbd7 7.Bc4 Be7 8.O-O O-O
9.Bb3 Qc7 10.a4 b6 11.Rad1 a6 12.Nh4 exd4 13.Qxd4 Nc5 14.Ba2 Ne6 15.Bxe6 fxe6
16.Nf3 e5 17.Qc4+ Kh8 18.Bxf6 Bxf6 19.Nd5 Qb7 20.Nxf6 Rxf6 21.Nxe5 Bh3 22.Rxd6 Qe7
23.Rxf6 gxf6 24.Nf7+ Kg7 25.gxh3 Qxf7 26.Qxf7+ Kxf7 27.Rd1 Ke6 28.f4 a5 29.Kf2 b5
30.axb5 cxb5 31.Rd5 b4 32.b3 Rc8 33.Rxa5 Rxc2+ 34.Kg3 Rc3+ 35.Kg4 Rxb3 36.Rb5 Kd6
37.Kf5 Kc6 38.Rb8  1/2-1/2

[Event "IRT Jose Rubinstein"]
[Site "Villa Martelli ARG"]
[Date "2011.08.05"]
[Round "5.9"]
[White "Amato,Leonel"]
[Black "Sotelo Rojas,R"]
[Result "1-0"]
[WhiteElo "1751"]
[BlackElo "1947"]

1.e4 d6 2.d4 c6 3.Nc3 Nf6 4.Be2 b5 5.a3 e6 6.Be3 a6 7.f4 Be7 8.Bf3 Bb7 9.Nge2 O-O
10.O-O Qc7 11.Qe1 Nbd7 12.g4 c5 13.g5 Ne8 14.h4 f5 15.e5 Rc8 16.Nd1 Bxf3
17.Rxf3 a5 18.c3 Nb6 19.h5 Nd5 20.Rc1 Qb7 21.Qg3 Nec7 22.Qg2 b4 23.Rf1 Qa6
24.h6 g6 25.axb4 Nxe3 26.Nxe3 Qd3 27.Qf3 cxb4 28.Nd5 Qxf3 29.Nxe7+ Kf7 30.Rxf3 Kxe7
31.c4 dxe5 32.dxe5 Rfd8 33.Rc2 Nb5 34.Kf2 Nd4 35.Nxd4 Rxd4 36.b3 Rcd8 37.Ke2 Kd7
38.Ra2 Ra8 39.Rf1 Kc6 40.Ke3 Re4+ 41.Kf3 Kc5 42.Rfa1 Kb6 43.Ra4 Ra6 44.Rd1 Kc6
45.Rd6+  1-0

[Event "20th ZDMI Open A"]
[Site "Dresden GER"]
[Date "2011.08.06"]
[Round "1"]
[White "Sengupta,D"]
[Black "Zenker,U"]
[Result "1-0"]
[WhiteElo "2563"]
[BlackElo "2233"]

1.e4 d6 2.d4 Nf6 3.Nc3 e5 4.Nge2 c6 5.h3 Be7 6.Be3 h5 7.Qd2 Nh7 8.O-O-O b5
9.Kb1 Nd7 10.d5 c5 11.Nxb5 Rb8 12.Nc1 Qb6 13.Nb3 O-O 14.Qa5 Nhf6 15.f3 a6
16.Qxb6 Rxb6 17.Na3 Ne8 18.Nc4 Rb8 19.Nba5 Bf6 20.Nc6 Ra8 21.g4 g6 22.gxh5 gxh5
23.Bh6 Bg7 24.Rg1 Kh7 25.Bxg7 Nxg7 26.Nxd6  1-0

[Event "Politiken Cup"]
[Site "Helsingor DEN"]
[Date "2011.08.06"]
[Round "9.34"]
[White "Petersen,PB"]
[Black "Aabling Thomsen,J"]
[Result "1/2-1/2"]
[WhiteElo "2156"]
[BlackElo "2325"]

1.e4 d6 2.d4 Nf6 3.Nc3 Nbd7 4.Nf3 e5 5.Bc4 Be7 6.O-O O-O 7.dxe5 dxe5 8.Qe2 c6
9.Rd1 Qc7 10.a4 b6 11.h3 a5 12.Nh4 g6 13.Bh6 Rd8 14.Nf3 Nf8 15.Rxd8 Bxd8
16.Ng5 Ne6 17.Nxe6 Bxe6 18.Bxe6 fxe6 19.Rd1  1/2-1/2

[Event "Politiken Cup"]
[Site "Helsingor DEN"]
[Date "2011.08.06"]
[Round "9.59"]
[White "Andersson,C"]
[Black "Preuss,F"]
[Result "1-0"]
[WhiteElo "2134"]
[BlackElo "1991"]

1.e4 d6 2.d4 Nf6 3.Nc3 e5 4.Nf3 Nbd7 5.Bc4 Be7 6.Bxf7+ Kxf7 7.Ng5+ Kg8 8.Ne6 Qe8
9.Nxc7 Qg6 10.O-O Rb8 11.f4 exd4 12.Qxd4 h6 13.Be3 b6 14.Rf3 Bb7 15.f5 Qf7
16.N7b5 Ne5 17.Rh3 Rd8 18.Nxa7 Nfg4 19.Qxb6 Bf6 20.Qb4 Nxe3 21.Rxe3 d5 22.exd5 Bxd5
23.Nab5 Kh7 24.Rae1 Nc6 25.Qg4 Rhf8 26.h4 Bxc3 27.Nxc3 Qxf5 28.Qxf5+ Rxf5
29.Rd1 Bf7 30.Rxd8 Nxd8 31.a4 Nc6 32.Ne2 Rc5 33.c3 Rc4 34.b3 Rxh4 35.b4 Nxb4
36.cxb4 Rxb4 37.Ra3 Rb2 38.Nf4 g5 39.Nd3 Bd5 40.Nxb2  1-0

[Event "50th World Juniors"]
[Site "Chennai IND"]
[Date "2011.08.07"]
[Round "6.16"]
[White "Narayanan,Sri"]
[Black "Durarbeyli,V"]
[Result "0-1"]
[WhiteElo "2371"]
[BlackElo "2515"]

1.e4 d6 2.d4 Nf6 3.Nc3 e5 4.Nf3 Nbd7 5.Be2 Be7 6.O-O O-O 7.Re1 a6 8.a4 b6
9.b3 Bb7 10.Bb2 c6 11.Bd3 g6 12.Nb1 Qc7 13.Nbd2 Rfe8 14.c3 Bf8 15.Bc2 b5
16.Nf1 Bg7 17.Ng3 Rad8 18.dxe5 dxe5 19.Qe2 Bf8 20.Bc1 Nc5 21.h3 Ne6 22.Nh2 h5
23.Qf3 Nh7 24.Ne2 c5 25.axb5 axb5 26.h4 Bg7 27.Nf1 Bc6 28.Qe3 Qe7 29.g3 b4
30.cxb4 Nd4 31.Nxd4 exd4 32.Qd3 cxb4 33.Bd2 Nf6 34.Qc4 Bxe4 35.Bxe4 Nxe4
36.Bg5 Qb7 37.Bxd8 Rxd8 38.Ra4 Bf8 39.Ra6 Kg7 40.Rc6 Nc3 41.Nd2 d3 42.Re3 Rd7
43.Kh2 Kh7 44.Rf6 Nd5 45.Rff3 Nxe3 46.Rxe3 Qa7 47.Rf3 Kg8 48.Kg2 Qb7 49.Kh2 Bh6
50.Ne4 d2 51.Nf6+ Kg7 52.Nxd7 Qxd7 53.Rxf7+ Qxf7 54.Qd4+ Kh7 55.f4 Qe7 56.Qxd2 Qc5
57.Qd7+ Bg7 58.Qe6 Qc2+ 59.Kh1 Qf2  0-1

[Event "50th World Juniors"]
[Site "Chennai IND"]
[Date "2011.08.07"]
[Round "6.21"]
[White "Roganovic,Milo"]
[Black "Janev,T"]
[Result "0-1"]
[WhiteElo "2476"]
[BlackElo "2349"]

1.e4 d6 2.d4 Nf6 3.Nc3 e5 4.Nf3 Nbd7 5.g4 Nxg4 6.Rg1 Ngf6 7.Be3 c6 8.Qd3 Qc7
9.O-O-O g6 10.dxe5 Nxe5 11.Nxe5 dxe5 12.Qc4 Qa5 13.Bg5 Be7 14.Qd3 Qc7 15.Qf3 Nh5
16.Nb5 Bxg5+ 17.Rxg5 cxb5 18.Bxb5+ Ke7 19.Rxh5 gxh5 20.Qa3+ Kf6 21.Qf3+ Kg7
22.Rg1+ Bg4 23.h3 Rac8 24.Bd3 Qe7 25.Qe3 Rc6 26.hxg4 Rg6 27.g5 h6 28.f4 exf4
29.Qd4+ Kg8 30.gxh6 Rxh6 31.Rf1 Rg5 32.Qxa7 h4 33.Qb8+ Kg7 34.Qxf4 h3 35.Rh1 Qe5
36.Qxe5+ Rxe5 37.Kd2 h2 38.Ke3 Rg5 39.Kf2 Rf6+ 40.Ke3 Rg2 41.e5 Rh6 42.Be4 Rh3+
43.Kf4 Rf2+ 44.Kg4 Re3 45.Bd3 Kf8 46.a4 Ke7 47.a5 Rxe5 48.Kg3 Rf6 49.Kg4 Rxa5
50.Rxh2 Ra8  0-1

[Event "9th Davos Open"]
[Site "Davos SUI"]
[Date "2011.08.07"]
[Round "1.4"]
[White "Oganessian,G"]
[Black "Ferretti,F"]
[Result "1-0"]
[WhiteElo "2021"]
[BlackElo "2291"]

1.e4 d6 2.d4 Nf6 3.Nc3 e5 4.dxe5 dxe5 5.Qxd8+ Kxd8 6.Bg5 Be6 7.O-O-O+ Nd7
8.Nf3 Kc8 9.Bd3 c6 10.a3 Bc5 11.Bh4 Ng4 12.Rhf1 f6 13.h3 Nh6 14.Nd2 Kc7 15.Bc4 Bxc4
16.Nxc4 b5 17.Nd2 Nf7 18.Nb3 Be7 19.f3 a5 20.a4 b4 21.Ne2 Nb6 22.f4 Nxa4
23.fxe5 Nxe5 24.Ned4 Nc4 25.Ne6+ Kc8 26.Rd4 Naxb2 27.Nxg7 a4 28.Nf5 Bd8 29.Nd2 Nxd2
30.Nd6+ Kc7 31.Rxd2 a3 32.Kb1 Be7 33.Bxf6 Rhf8 34.e5 Rad8 35.Ne4 Nc4 36.Rxd8 Kxd8
37.Rd1+ Ke8 38.Rd4 Ne3 39.Nd6+ Bxd6 40.Rxd6 Kf7 41.Rxc6 Nd5 42.Ra6 Nc3+ 43.Kc1 h5
44.g4 hxg4 45.hxg4 Rc8 46.g5 Ne2+ 47.Kb1 Nc3+ 48.Ka1 Nb5 49.e6+ Kg6 50.e7 Kf7
51.Rb6 Nc3 52.Rd6 b3 53.cxb3 Nb5 54.Rd8 Rc1+ 55.Ka2 Rc2+ 56.Kb1 Re2 57.Rf8+  1-0

[Event "Politiken Cup"]
[Site "Helsingor DEN"]
[Date "2011.08.07"]
[Round "10.4"]
[White "Ni Hua"]
[Black "Danielsen,Hen"]
[Result "1-0"]
[WhiteElo "2662"]
[BlackElo "2535"]

1.e4 d6 2.d4 Nf6 3.Nc3 e5 4.Nf3 Nbd7 5.Bc4 Be7 6.O-O O-O 7.Re1 c6 8.a4 h6
9.h3 Re8 10.Ba2 Qc7 11.Be3 Nf8 12.Nh4 Be6 13.Bxe6 fxe6 14.dxe5 dxe5 15.Nf3 Bb4
16.Qd3 Qa5 17.Qc4 N8d7 18.Bd2 Nb6 19.Qe2 Nh5 20.g3 Qc5 21.Be3 Qa5 22.Bd2 Qc5
23.Be3 Qa5 24.Nd2 Bxc3 25.Nb3 Qa6 26.Qxa6 bxa6 27.bxc3 Nf6 28.Nd2 a5 29.Bxb6 axb6
30.Nc4 Nd7 31.Red1 Ra7 32.Rd6 Rc7 33.Rb1 Kf8 34.Nxb6 Nc5 35.Re1 Ke7 36.Rdd1 Rb8
37.Nc4 Nxa4 38.Ra1 Nxc3 39.Re3 Nb5 40.Rxa5 Nd4 41.c3 Nc2 42.Re2 Rb1+ 43.Kh2 Ne1
44.Nxe5 c5 45.h4 Rd1 46.Rea2 Kf6 47.Ng4+ Kg6 48.Ra7 Nf3+ 49.Kg2 Ne1+ 50.Kf1 Rc8
51.Ne5+ Kh7 52.Ra1 Rcd8 53.Rxd1 Rxd1 54.Ke2 Rb1 55.h5 c4 56.Ng6 e5 57.Ra8 Rb2+
58.Kf1 Nd3 59.Rh8+  1-0

[Event "Politiken Cup"]
[Site "Helsingor DEN"]
[Date "2011.08.07"]
[Round "10.70"]
[White "Berni,Fa"]
[Black "Zachariassen,J"]
[Result "1-0"]
[WhiteElo "2147"]
[BlackElo "1936"]

1.e4 d6 2.d4 Nf6 3.Nc3 Nbd7 4.Nf3 e5 5.Bc4 Be7 6.O-O O-O 7.Re1 c6 8.a4 Qc7
9.h3 Rb8 10.Bg5 a5 11.Bh4 Ra8 12.Qe2 Qb6 13.dxe5 dxe5 14.Nd1 Qc7 15.Nd2 Nc5
16.c3 Be6 17.Bg3 Rad8 18.Bxe6 Nxe6 19.Nf3 Nd7 20.Ne3 Rfe8 21.Red1 Bf8 22.Nc4 f6
23.Ne3 Nb6 24.Rxd8 Rxd8 25.Nc4 Nd7 26.Qc2 g6 27.h4 Kg7 28.Rd1 Ndc5 29.Nfxe5 Rxd1+
30.Qxd1 Qd8 31.Qxd8 Nxd8 32.Nf3 Nxe4 33.Bc7 Ne6 34.Bxa5 b5 35.b3 N6c5 36.Ncd2 Nb7
37.Bb6 Kf7 38.Be3 Bd6 39.g3 Nbc5 40.Kf1 Nd3 41.Ke2 Ne5 42.Nxe5+ fxe5 43.Nf3 h5
44.c4 bxc4 45.bxc4 Kf6 46.Ng5 Nxg5 47.Bxg5+ Ke6 48.Be3 Bc7 49.Kd3 Bd8 50.c5 Ba5
51.Bd2 Bd8 52.Kc4 Be7 53.Bg5 Bf8 54.Kb4 Bg7 55.Ka5 Kd7 56.Kb6  1-0

[Event "Olomouc FIDE Open"]
[Site "Olomouc CZE"]
[Date "2011.08.07"]
[Round "4.9"]
[White "Truman,R"]
[Black "Rjabzev,K"]
[Result "0-1"]
[WhiteElo "1991"]
[BlackElo "2271"]

1.e4 d6 2.d4 Nf6 3.Nc3 e5 4.dxe5 dxe5 5.Qxd8+ Kxd8 6.Bg5 Be6 7.O-O-O+ Kc8
8.Nf3 Nbd7 9.Be2 c6 10.Bh4 Bb4 11.Ng5 Re8 12.Nxe6 Rxe6 13.Bc4 Re7 14.f3 b5
15.Bb3 a5 16.a4 Bxc3 17.bxc3 Kc7 18.Bf2 bxa4 19.Bxa4 Ne8 20.Rd3 Nd6 21.Rhd1 Nb7
22.c4 Ndc5 23.Ra3 Rd7 24.Rxd7+ Kxd7 25.Kb2 Kc7 26.Kc3 Rd8 27.Ra1 Nxa4+ 28.Rxa4 Rd1
29.c5 f6 30.Ra2 Rh1 31.Bg3 Rg1 32.f4 Nxc5 33.fxe5 Nxe4+ 34.Kd3 Nxg3 35.hxg3 Rxg2  0-1

[Event "23rd Jirasek Mem GM"]
[Site "Rakovnik CZE"]
[Date "2011.08.07"]
[Round "2.5"]
[White "Sergeev,Vl"]
[Black "Neuman,P"]
[Result "1/2-1/2"]
[WhiteElo "2522"]
[BlackElo "2454"]

1.e4 d6 2.d4 Nf6 3.Nc3 e5 4.dxe5 dxe5 5.Qxd8+ Kxd8 6.Bc4 Be6 7.Bxe6 fxe6
8.f3 Bc5 9.Na4 Bd6 10.Be3 Nbd7 11.Nh3 Ke7 12.Ke2 b5 13.Nc3 a6 14.a4 c6 15.Rhd1 Bc5
16.Nf2 Rhc8 17.Bxc5+ Nxc5 18.b3 Rd8 19.Rxd8 Rxd8 20.b4 Ncd7 21.axb5 axb5
22.Ra6 Rc8 23.Nd3 Ne8 24.g3 Nd6 25.Ra7 Nc4 26.f4 exf4 27.gxf4 e5 28.fxe5 g5
29.Nd1 Ke6 30.Ne3 Nxe3 31.Kxe3 h6 32.Nc5+ Nxc5 33.bxc5 Kxe5 34.Re7+ Kf6 35.Rh7 Ra8
36.c3 Ra4 37.Kd3 b4 38.Rxh6+ Ke5 39.Rg6 bxc3 40.Rxg5+ Ke6 41.Rg6+ Ke5 42.Rg5+ Ke6
43.Rg4 c2 44.Kxc2 Rc4+ 45.Kd3 Rxc5 46.Rg6+ Kf7 47.Rh6 Rc1 48.Kd4 c5+ 49.Ke5 c4
50.Rh7+ Kg6 51.Rc7 c3 52.Ke6 c2 53.e5 Kg5 54.Rc4 Kh5 55.h3 Kg5 56.Rg4+ Kh5
57.Rc4 Kg5 58.Rg4+ Kh5 59.Rg2 Kh4 60.Re2 Kxh3 61.Ke7 Kg3 62.e6 Kf3 63.Rh2 Ke3
64.Ke8 Kd3 65.Rh3+ Kd2 66.Rh2+ Kd3 67.Rh3+ Kd2 68.Rh2+ Kd3 69.Rh3+  1/2-1/2

[Event "9th Davos Open"]
[Site "Davos SUI"]
[Date "2011.08.08"]
[Round "2.3"]
[White "Capraro,L"]
[Black "Salvetti,A"]
[Result "0-1"]
[WhiteElo "2112"]
[BlackElo "2241"]

1.e4 d6 2.d4 Nf6 3.Nc3 c6 4.Bd3 e5 5.Nge2 Qb6 6.b3 exd4 7.Na4 Qa5+ 8.Bd2 Qc7
9.Nxd4 g6 10.Nc3 Bg7 11.Nce2 O-O 12.O-O Re8 13.f3 d5 14.c3 dxe4 15.fxe4 Nbd7
16.Ng3 Ne5 17.Bf4 Qb6 18.Bxe5 Rxe5 19.Kh1 Bg4 20.Qc2 Qc7 21.Rae1 Rae8 22.Nf3 R5e7
23.Bc4 b5 24.Bd3 h5 25.Nh4 Nd7 26.Ne2 Nc5 27.Nd4 Qd6 28.b4 Ne6 29.Ndf3 Nf4
30.Rd1 Qb8 31.Nd4 Bxd1 32.Rxd1 Bxd4 33.cxd4 Nxd3 34.Qxd3 Rxe4 35.g3 Qd6 36.Qc3 Qd5
37.Kg1 Qxa2 38.Ng2 Re2 39.Qxc6 R8e4 40.Qc8+ Kg7 41.Qh3 Rxd4 42.Rf1 Rdd2 43.Nf4 Rxh2
44.Nxh5+ gxh5 45.Rxf7+ Qxf7  0-1

[Event "ZMDI GER-UKR"]
[Site "Dresden GER"]
[Date "2011.08.08"]
[Round "2"]
[White "Fuchs,Ju"]
[Black "Arutyunova,D"]
[Result "1/2-1/2"]
[WhiteElo "2246"]
[BlackElo "2278"]

1.e4 d6 2.d4 Nf6 3.Nc3 c6 4.f4 Qa5 5.e5 Nd5 6.Bd2 Qb6 7.Nf3 Bg4 8.Nxd5 cxd5
9.Bd3 dxe5 10.fxe5 f6 11.exf6 gxf6 12.c3 Nd7 13.Qc2 e5 14.dxe5 fxe5 15.Bf5 Bxf5
16.Qxf5 Bg7 17.Bg5 Qg6 18.Qxg6+ hxg6 19.O-O-O e4 20.Nd4 Nc5 21.Nb5 Ne6 22.Be3 a6
23.Nd4 Nxd4 24.Bxd4 Bxd4 25.Rxd4 Rh5 26.h3 Ke7 27.Rf1 Ke6 28.Kd2 Rf5 29.Ke2 Raf8
30.Rxf5 gxf5 31.c4 Rg8 32.Kf2 Rc8 33.cxd5+ Ke5  1/2-1/2

[Event "XX TCh-MKD"]
[Site "Struga MKD"]
[Date "2011.08.08"]
[Round "1"]
[White "Kizov,A"]
[Black "Kutirov,R"]
[Result "1-0"]
[WhiteElo "2393"]
[BlackElo "2337"]

1.d4 d6 2.e4 Nf6 3.Nc3 c6 4.f4 Qa5 5.e5 Nd5 6.Bd2 Nxc3 7.Qf3 Bf5 8.Bd3 Bxd3
9.cxd3 e6 10.bxc3 g6 11.Ne2 d5 12.O-O Qa4 13.Kh1 Nd7 14.f5 gxf5 15.g4 O-O-O
16.gxf5 Ba3 17.Qh3 Qc2 18.Rad1 Rde8 19.Nf4 Rhf8 20.Qh5 Bb2 21.Rf2 Qa4 22.Rb1 Qc2
23.Rg1 Bxc3 24.Rc1 Qxa2 25.Rxc3 Qa1+ 26.Kg2 Rg8+ 27.Kh3 Qg1 28.Qf3 exf5 29.Ng2 Qa1
30.Qxf5 Re6 31.Nh4 Kc7 32.Qf4 h5 33.Rg2 Rg4 34.Rxg4 hxg4+ 35.Qxg4 Qa4 36.Qf4 Qd1
37.Rc1 Qe2 38.Qe3 Qh5 39.Qf3 Qh7 40.Qf5 Rg6 41.e6  1-0